00546nam a2200229Ia 4500008004000000020001800040041000800058082001700066100001600083245007000099260003800169300001200207650000800219650001000227650001300237650001000250650001100260650001400271650001200285650001100297650000800308210210b2011 xxu||||| |||| 00| 0 eng d a9788125041924 aeng a332.042 REDI aREDDY (Y V) aIndia and the global financial crisisbManaging money and finance aHyderabadbOrient BlackSwanc2011 axvi,397 athe amoney aManaging aIndia aglobal afinancial afinance acrisis aand